[Event "Lopota FIDE GP (Women)"]
[Site "Lopota"]
[Date "2014.07.01"]
[Round "11"]
[White "Muzychuk, Anna"]
[Black "Dzagnidze, Nana"]
[Result "1/2-1/2"]
[WhiteElo "2561"]
[BlackElo "2541"]
[Annotator "CB"]
[PlyCount "93"]
[EventDate "2014.06.19"]
[EventType "tourn"]
[EventRounds "11"]
[EventCountry "GEO"]
[EventCategory "11"]
[SourceTitle "CBM 161 Extra"]
[Source "ChessBase"]
[SourceDate "2014.08.29"]
[SourceVersion "1"]
[SourceVersionDate "2014.08.29"]
[SourceQuality "1"]

{The exchange French is not normally a variation that is seen at the
grandmaster level, mainly due to its drawish tendencies. This was not the case
today as Muzychuk actually got a very comfortable edge that quickly turned
into a dangerous advantage when her pieces were fully developed and her
opponent was far from doing so. In a normal day, or maybe after a rest day,
Muzychuk would surely have converted such a position, but in this tournament
things weren't clicking for her and she could only manage to draw.} 1. e4 e6 2.
d4 d5 3. exd5 exd5 4. Nf3 Bd6 5. c4 dxc4 6. Bxc4 Nf6 7. Qe2+ Qe7 8. Qxe7+ Bxe7
9. O-O O-O 10. Nc3 a6 11. Re1 Bd6 12. Bg5 Nbd7 13. a4 h6 14. Bh4 g5 15. Bg3 Nb6
16. Bb3 Bf5 17. Bxd6 cxd6 18. Re7 Nbd7 19. Rae1 Kg7 20. h4 Ng8 21. R7e3 Kg6 22.
Nd2 Ndf6 23. Nc4 Rad8 24. Na5 Rd7 25. Nd5 $6 (25. hxg5 hxg5 26. f3 $1 {forcing
Black's next move due to the g4 threat.} g4 27. fxg4 Bxg4 28. Nc4 {Black's
exposed king and inferior pieces give White a clear advantage.}) 25... b5 26.
axb5 axb5 27. Nc6 $6 (27. hxg5 hxg5 28. Nb4 $1 {Keeping pieces alive was key
to keeping the advantage. This is very logical as Black's g8 knight is very
bad.}) 27... Nxd5 28. Bxd5 Rc8 29. Rf3 $6 (29. hxg5 hxg5 30. Nb4 $14 {White is
still slightly better placed than her opponent.}) 29... Nf6 30. h5+ Kxh5 31.
Rxf5 Nxd5 32. Rxd5 Rxc6 33. Rxb5 {The endgame is drawn but Black has the
better end of it.} Rc4 34. Rd5 Rb4 35. Re2 Rb6 36. f4 Kg6 37. fxg5 hxg5 38. Rf2
Rdb7 39. Rdf5 Rxb2 40. Rf6+ Kg7 41. Rxb2 Rxb2 42. Rxd6 Rd2 43. Kh2 Rd3 44. Kg1
Rd2 45. Kh2 Rd3 46. Kg1 Rd2 47. Kh2 1/2-1/2

[Event "Dilijan FIDE GP (Women)"]
[Site "Dilijan"]
[Date "2013.06.21"]
[Round "5"]
[White "Danielian, Elina"]
[Black "Batchimeg, Tuvshintugs"]
[Result "1/2-1/2"]
[WhiteElo "2475"]
[BlackElo "2316"]
[Annotator "CB"]
[PlyCount "116"]
[EventDate "2013.06.16"]
[EventType "tourn"]
[EventRounds "11"]
[EventCountry "ARM"]
[EventCategory "11"]
[SourceTitle "CBM 155"]
[Source "ChessBase"]
[SourceDate "2013.07.16"]
[SourceVersion "1"]
[SourceVersionDate "2013.07.16"]
[SourceQuality "1"]

{This was the last drawn encounter in this round. This game was in question in
the morning as both players had serious health problems. Fortunately they both
found enough resources to start the game. In an equal position Black made a
mistake that went unpunished.} 1. d4 d5 2. c4 dxc4 3. e4 Nc6 4. Nf3 Bg4 5. d5
Ne5 6. Bf4 Ng6 7. Be3 e5 8. Bxc4 a6 9. Qb3 b5 10. Be2 Nf6 11. Nbd2 Bd6 12. O-O
O-O 13. a4 Bd7 14. axb5 axb5 15. h3 c6 16. dxc6 Bxc6 17. Rac1 Qd7 18. Rfd1 Qb7
19. Ng5 Rad8 20. Nf1 Nxe4 $2 21. Bf3 $2 ({After} 21. Rxc6 Qxc6 22. Bf3 {
Black is losing material.}) 21... Nh4 $1 22. Bxe4 Bxe4 23. Nxe4 Qxe4 24. Qd5
Qb4 25. Bg5 Be7 26. Qxe5 Bxg5 27. Qxg5 Rxd1 28. Rxd1 h6 29. Qe5 Ng6 30. Qd4
Qxd4 31. Rxd4 Rc8 32. Ne3 Ne7 33. Rd7 Nc6 34. Nf5 Ne5 35. Rd5 Rc1+ 36. Kh2 Re1
37. Rxb5 Nd3 38. Rb8+ Kh7 39. b4 Nxf2 40. b5 Rb1 41. Nd6 Kg6 42. Rb7 h5 43. Kg3
Nd3 44. Re7 Nc5 45. h4 Rb3+ 46. Kh2 Rb4 47. g3 Rb2+ 48. Kg1 Ne6 49. Rxf7 Rxb5
50. Rxg7+ Kxg7 51. Nxb5 Kf6 52. Kf2 Ke5 53. Kf3 Kf5 54. Nc3 Nd4+ 55. Ke3 Kg4
56. Ne4 Nf5+ 57. Kf2 Nxg3 58. Nxg3 Kxh4 1/2-1/2

[Event "World Cup"]
[Site "Khanty-Mansiysk"]
[Date "2007.12.03"]
[Round "4.1"]
[White "Ponomariov, Ruslan"]
[Black "Sasikiran, Krishnan"]
[Result "1-0"]
[WhiteElo "2705"]
[BlackElo "2661"]
[Annotator "CB"]
[PlyCount "81"]
[EventDate "2007.11.24"]
[EventType "k.o."]
[EventRounds "7"]
[EventCountry "RUS"]
[SourceTitle "CBM 122"]
[Source "ChessBase"]
[SourceDate "2008.01.30"]
[SourceVersion "1"]
[SourceVersionDate "2008.01.30"]
[SourceQuality "1"]

{After losing the first match games in the first two rounds and making a draw
in the third round, Ponomariov finally starts a match with a win.} 1. d4 d5 2.
c4 dxc4 3. e4 e5 4. Nf3 exd4 5. Bxc4 Nc6 6. O-O Be6 7. Bb5 Bc5 8. b4 Bb6 9. a4
a6 10. Bxc6+ bxc6 11. Nbd2 Nf6 12. Qc2 O-O 13. Qxc6 Re8 14. Bb2 Bd7 15. Qc2 Qe7
16. Nxd4 Qxb4 17. Bc3 Qc5 18. a5 Ba7 19. Rac1 Rac8 20. Rfe1 Qh5 21. Nf1 Ng4 22.
f3 Ne5 23. Kh1 {In opposite to the game Carlsen-Adams here we have a position
where the knights are stronger than the bishops. White plans Ne3 and then jump
with the knight either to d5 or f5. It is difficult for Black to find a
constructive plan. Perhaps he should have advanced the pawn to c4, hoping to
create some dynamic play. However, the Indian GM already was short of time and
took the unfortunate decision to cover squares d5 and c5 with pawns.} g6 $2 {
The weakness of the long diagonal will sooner or later play its role.} 24. Ne3
{Now the jump to d5 will really hurt Black, therefore Sasikiran must make
another passive and ugly move.} c6 25. f4 Ng4 26. Nxg4 Bxg4 27. Ba1 Bb8 28. Rf1
Qh6 29. Qc3 f6 {Temporarily closing the long diagonal, but weakening the other
one: a2-g8. Black's position was already lost anyway.} (29... Bxf4 {loses due
to} 30. Rxf4 $1 Qxf4 31. Ne6) 30. Qb3+ Kg7 31. e5 $1 c5 (31... fxe5 32. Nxc6
$18) 32. Qb7+ Rc7 33. Qb6 Rf7 34. Nc6 Bc7 35. Qxc5 Qh4 36. exf6+ Kh6 37. Ne7
Bd8 38. Qc4 Rff8 39. Ng8+ Kh5 40. f7 Re7 41. Bf6 1-0

[Event "Novosibirsk"]
[Site "Novosibirsk"]
[Date "1995.??.??"]
[Round "11"]
[White "Vyzmanavin, Alexey"]
[Black "Rublevsky, Sergei"]
[Result "0-1"]
[WhiteElo "2605"]
[BlackElo "2595"]
[Annotator "Chekhov,V"]
[PlyCount "118"]
[EventDate "1995.10.??"]
[EventType "tourn"]
[EventRounds "11"]
[EventCountry "RUS"]
[EventCategory "15"]
[SourceTitle "CBM 050"]
[Source "ChessBase"]
[SourceDate "1996.02.01"]
[SourceVersion "1"]
[SourceVersionDate "1996.02.01"]
[SourceQuality "1"]

1. d4 d5 2. c4 dxc4 3. e4 e5 4. Nf3 exd4 5. Bxc4 Nc6 6. O-O (6. Qb3 Bb4+ 7. Bd2
Qe7 8. Bxb4 Qxb4+ 9. Qxb4 Nxb4 10. Nxd4 c5 11. a3 cxd4 12. axb4 Nf6 13. Nd2 Be6
14. O-O Ke7 $10 {Kramer,H-Szabo,J/Hamburg/1965/0,5/38/}) 6... Be6 7. Bb5 (7.
Bxe6 fxe6 8. Qb3 Qd7 9. Qxb7 Rb8 10. Qa6 Nf6 11. Nbd2 Bb4 12. e5 Ng4 13. Qe2
Qd5 $10 {Sherbakov,R-Bronstein,D/Hastings/1995/0,5/13/}) 7... Bc5 8. Ng5 $5 {
/N/} (8. b4 Bb6 9. Bb2 Nge7 10. Nxd4 O-O 11. Nxc6 Nxc6 12. Bxc6 Qxd1 13. Rxd1
bxc6 $10 {Van Wely,L-Sermek,D/Europe/1995/0,5/15/}) (8. Qc2 Bb6 9. a4 a5 10.
Bxc6+ bxc6 11. Qxc6+ Bd7 12. Qc4 Be6 13. Qc6+ $10 {Tregubov,P-Yakovich,Y/
Novgorod/1995/0|1/29/}) 8... Qe7 (8... Qd6 9. e5 $1 Qxe5 10. Re1 $36) (8...
Nge7 $4 9. Nxe6 fxe6 10. Qh5+ $18) (8... Nf6 9. e5 Nd5 10. Nxe6 fxe6 11. Qg4
Qe7 12. Nd2 $146) 9. Bxc6+ (9. f4 $5 $146) 9... bxc6 10. Nxe6 Qxe6 11. Nd2 Rd8
12. Qc2 (12. f4 $5) 12... Bb6 13. Qd3 Nf6 14. Nc4 Nd7 (14... O-O 15. f4 $44)
15. b4 c5 16. b5 c6 17. bxc6 Qxc6 18. Bg5 (18. f4 O-O 19. e5 f6 $15) 18... f6
19. Bh4 Bc7 20. f4 O-O 21. Rac1 Rde8 $17 22. Nd2 (22. Rce1 Nb6 $5 (22... Qa6 $5
)) 22... Ba5 23. Nc4 Bc3 24. Be1 Qxe4 25. Qxe4 Rxe4 26. Bxc3 dxc3 27. Rxc3 Rb8
28. g3 Rb4 29. Ne3 Nb6 30. Rf2 c4 31. Rfc2 Kf7 32. Kf2 Rd4 33. Ra3 Rd7 34. Rac3
Rd4 35. Ra3 Rd7 36. Rac3 Rc7 37. Kf3 g6 38. Ke4 f5+ 39. Kf3 Ke6 40. Rd2 Rd7 41.
Rdc2 Rc7 42. Rd2 Ra4 43. h3 Rd7 44. Rdc2 Rd4 45. a3 h5 46. Rc1 Re4 47. Rd1 Ra5
48. Rd8 Ke7 49. Rd1 Rb5 50. g4 (50. Rdc1 Rb3 (50... a5 $6 51. Nxc4 Nxc4 52.
Rxc4 Rxc4 53. Rxc4 Rb3+ 54. Kf2 Rxa3 55. Rc6 $1 Kf7 56. Rc7+ Ke6 57. Rc6+ Kd5
58. Rxg6 a4 $15) (50... Rc5 $5) 51. Rxb3 cxb3 52. Rc3 (52. Rb1 b2 53. Nd1 (53.
Rxb2 Rxe3+ $19) 53... Nc4 $19) 52... b2 53. Rb3 Na4 (53... Ra4 $1 54. Nc2 Nc4
55. Ke2 Kd6 $19) 54. Nd1 Rd4 55. Ke2 (55. Nxb2 Nxb2 56. Rxb2 Rd3+ 57. Kf2 Rxa3
58. Rb7+ Kf6 59. Rc7 a5 $17) 55... Rxd1 56. Kxd1 b1=Q+ 57. Rxb1 Nc3+ 58. Kc2
Nxb1 59. Kxb1 Kd6 60. Kc2 Kd5 61. Kd3 a6 62. a4 a5 63. h4 $10) 50... Ke6 51.
gxf5+ gxf5 52. Rd8 Rb3 53. Rxb3 cxb3 54. Rd3 b2 55. Rb3 Ra4 $1 (55... Na4 $5
56. Nd1 Rd4 57. Nxb2 Nxb2 58. Rxb2 Rd3+ 59. Kg2 Rxa3 $17) 56. Nc2 (56. Ke2 Rxa3
57. Rxb2 Rxe3+ $19) 56... Nc4 57. Ke2 Ra6 (57... Nxa3 58. Rxb2 Nxc2 59. Rxc2
Ra3 60. Rc5 h4 61. Kf2) 58. Nd4+ (58. Kd3 Nxa3 59. Rxb2 Nxc2 60. Rxc2 Kd5 $19)
58... Kf6 59. Nb5 Rb6 (59... Rb6 60. Kd3 a6 61. Kxc4 Rxb5 $19) 0-1

[Event "Vienna op"]
[Site "Vienna"]
[Date "1996.??.??"]
[Round "4"]
[White "Herndl, Harald"]
[Black "Ibragimov, Ildar"]
[Result "0-1"]
[WhiteElo "2365"]
[BlackElo "2545"]
[Annotator "Chekhov,V"]
[PlyCount "92"]
[EventDate "1996.??.??"]
[EventType "swiss"]
[EventRounds "9"]
[EventCountry "AUT"]
[SourceTitle "CBM 053 Extra"]
[Source "ChessBase"]
[SourceDate "1996.09.01"]
[SourceVersion "1"]
[SourceVersionDate "1996.09.01"]
[SourceQuality "1"]

1. d4 d5 2. c4 dxc4 3. e4 e5 4. Nf3 exd4 5. Bxc4 Nc6 6. O-O Be6 7. Bxe6 (7. Bb5
$5 Bc5 8. b4 (8. Nbd2 Nge7 9. Nb3 Bb6 10. Nbxd4 Bd7 11. Nxc6 Bxc6 12. Qe2 O-O
13. Bg5 Qe8 $1 $10 {Kuzmin,A-Rublevsky,S/Moscow/1996/0|1/54/}) 8... Bb6 9. Bb2
Qd6 10. a4 Nge7 11. a5 Qxb4 12. Qe2 d3 13. Bxd3 Nd4 14. Bxd4 Bxd4 15. Ra4 $1
Bxf2+ 16. Rxf2 Qc5 17. Qc2 $16 {Yuferov,S-Ibragimov,I/St Petersburg/1996/0,5/
100/}) 7... fxe6 8. Ng5 (8. Qb3 Qd7 9. Qxb7 Rb8 10. Qa6 Nf6 11. Nbd2 Bb4 12.
Nc4 O-O 13. a3 Bc5 14. b4 Bb6 15. b5 Ne7 16. Nfe5 Qe8 17. Re1 Ng6 18. Nc6 Nh4
$1 $36 {Iskusnyh,S-Rublevsky,S/Elista/1995/0|1/35/}) 8... Qd7 9. Qh5+ g6 10.
Qh3 O-O-O $5 (10... Nd8 11. f4 Ne7 12. f5 exf5 13. exf5 Nxf5 14. g4 Ne7 15. Nd2
Bg7 16. Nde4 h5 17. Qb3 $13 {Dannevig,S-Kristiansen,E/NOR/1992/1|0/41/}) 11.
Qxe6 (11. Nxe6 Re8 12. Nxf8 Qxh3 13. gxh3 Rxf8 14. f4 Nf6 15. Nd2 Rf7 $15)
11... h6 12. Qxd7+ Rxd7 13. Ne6 (13. Nf3 Nf6 $15) 13... Bd6 14. Nf4 Ne5 15. Rd1
Nf6 $1 (15... c5 16. b4 Nf6 17. bxc5 Bxc5 18. Nd2 $132) 16. Rxd4 g5 17. Nd5 $6
(17. Nd3 $4 Nxd3 18. Rxd3 Bxh2+ $19) (17. Ne2 $5 c5 (17... Nc6 18. Rc4 $132)
18. Rd1 Nxe4 $15) 17... Bc5 18. Rd1 Nxe4 19. Be3 Rhd8 20. Nbc3 (20. Bxc5 Rxd5
$19) 20... Nxc3 21. Nxc3 Bxe3 22. fxe3 Rd2 $17 23. Rxd2 Rxd2 24. b3 Rc2 25. Nb5
a6 (25... c6 $5) 26. Nd4 Rb2 27. h3 Kd7 28. Rd1 (28. Nf5 h5 29. Rd1+ Ke6 30.
Ng7+ Kf7 31. Nxh5 Rxa2 $17) 28... Rxa2 $1 29. Nf5+ Ke6 30. e4 Rb2 31. Rd8 Nc6
32. Rg8 Rxb3 33. Nxh6 a5 34. Rg6+ Ke5 35. Rxg5+ Kxe4 36. h4 b5 (36... a4 $2 37.
Rg4+ $10) 37. Ng8 a4 38. Nf6+ Kd3 39. Rg8 a3 40. Ra8 Kc2 41. h5 Ne5 42. h6 Nf7
43. h7 Kb2 44. Rf8 a2 45. Rxf7 a1=Q+ 46. Kh2 Ka2 (46... Ka2 47. h8=Q Qe5+ 48.
Kg1 Qe3+ 49. Kh1 Qc1+ 50. Kh2 Qf4+ 51. Kg1 Rb1#) 0-1

[Event "Groningen PCA"]
[Site "Groningen"]
[Date "1993.??.??"]
[Round "7"]
[White "Azmaiparashvili, Zurab"]
[Black "Granda Zuniga, Julio E"]
[Result "0-1"]
[WhiteElo "2630"]
[BlackElo "2610"]
[Annotator "Chekhov,V"]
[PlyCount "82"]
[EventDate "1993.12.??"]
[EventType "swiss"]
[EventRounds "11"]
[EventCountry "NED"]
[SourceTitle "CBM 039"]
[Source "ChessBase"]
[SourceDate "1994.04.01"]
[SourceVersion "1"]
[SourceVersionDate "1994.04.01"]
[SourceQuality "1"]

1. d4 d5 2. c4 dxc4 3. e4 c5 4. d5 Nf6 5. Nc3 b5 6. Bf4 (6. e5 b4 7. exf6 bxc3
8. bxc3 Nd7 9. Qa4 (9. fxe7 Bxe7 10. Bxc4 Nb6 11. Bb5+ {Shirov,A-Oll,L/Tilburg/
1992/0,5 (11) Inf 56/431/}) 9... exf6 10. Bf4 Qb6 11. Bxc4 Bd6 12. Ne2 O-O 13.
O-O Ne5 14. Bxe5 Bxe5 15. Rab1 Qc7 16. f4 Bd6 17. Qc6 $14 {Granda Zuniga,
J-Vladimirov,E/Tilburg/1992/1:0 (62) Inf 56/431/}) 6... Qa5 7. a4 (7. e5 Ne4 8.
Nge2 Na6 9. f3 Nb4 $1 10. fxe4 Nd3+ 11. Kd2 g6 $3 $44 {Gelfand,B-Anand,V/
Linares/1993/0:1 (40) Inf 57/383/}) (7. Bd2 b4 8. e5 bxc3 9. Bxc3 Qa6 10. exf6
exf6 11. b3 Be7 12. Bxc4 Qd6 13. Ne2 O-O 14. O-O f5 15. Re1 $14 {Shirov,
A-Kramnik,V/Linares/1993/1:0 (37) Inf 57/382/}) 7... Nxe4 8. Nge2 (8. axb5 Nxc3
9. Rxa5 Nxd1 10. Kxd1 Nd7 11. Bxc4 Nb6 12. b3 Bb7 13. Nf3 Bxd5 14. Bxd5 Nxd5
15. Be5 f6 16. Bg3 e5 17. Kc2 Be7 18. Rha1 Kf7 19. Rxa7 Rxa7 20. Rxa7 Rb8 21.
Kd3 Ke6 $15) 8... Nd6 9. axb5 Qb6 10. Ng3 $5 $146 (10. Bxd6 exd6 (10... Qxd6
11. Ng3 g6 12. Bxc4 Bg7 13. O-O O-O 14. Nge4 $14) 11. Ng3 Be7 12. Bxc4 O-O 13.
O-O Bf6 $1 14. Qc2 $14 {Beliavsky,A-Kamsky,G/Linares/1993/0:1 (35) Inf 57/384/}
) 10... Nd7 11. Bxd6 Qxd6 (11... exd6 12. Bxc4 Be7 13. Nf5 $36) 12. Nge4 $5 (
12. Bxc4 $5 g6 13. O-O) 12... Qe5 13. Be2 g6 14. O-O Bg7 15. d6 (15. Bxc4 $5)
15... Nb6 $1 16. dxe7 Kxe7 17. Bf3 Be6 18. Nd2 Rad8 19. Rxa7+ Kf8 20. Qc2 Qf4 (
20... Bh6 $5 21. Rd1 $4 (21. Nde4 Kg7) 21... Bxd2) 21. Rd1 (21. Nde4 Be5 22.
Ng3 Kg7) 21... Be5 22. g3 Qf5 23. Qxf5 $6 (23. Be4 $5) 23... gxf5 $1 $15 24.
Ra6 $6 (24. Rb7 $5) 24... Rb8 25. Re1 Bd4 26. Ra7 $6 (26. Bc6 $5 {/\Nf3/})
26... Nc8 $1 27. Ra5 (27. Rb7 $5 Rxb7 28. Bxb7 Kg7) 27... Kg7 $17 28. Bc6 Rd8
29. Nf3 Ne7 $1 30. Na4 Rd6 $19 31. Ne5 Kf6 32. Nf3 Nxc6 33. bxc6 Rxc6 34. Re2
Rb3 35. Nd2 Rd3 36. Kf1 Rc7 37. Ra6 {/\Nc4/} Kg7 38. Nb6 $2 (38. Nb1 $5) 38...
Rc6 39. Rxe6 Rxe6 40. Ndxc4 Rb3 41. Kg2 Rb4 0-1

[Event "Groningen PCA"]
[Site "Groningen"]
[Date "1993.??.??"]
[Round "1"]
[White "Nikolic, Predrag"]
[Black "Van Wely, Loek"]
[Result "1-0"]
[WhiteElo "2625"]
[BlackElo "2595"]
[Annotator "Chekhov,V"]
[PlyCount "85"]
[EventDate "1993.12.??"]
[EventType "swiss"]
[EventRounds "11"]
[EventCountry "NED"]
[SourceTitle "CBM 039"]
[Source "ChessBase"]
[SourceDate "1994.04.01"]
[SourceVersion "1"]
[SourceVersionDate "1994.04.01"]
[SourceQuality "1"]

1. d4 d5 2. c4 dxc4 3. e4 Nf6 4. e5 Nd5 5. Bxc4 Nb6 6. Bb3 (6. Bd3 Nc6 7. Be3
Be6 8. Nc3 Nb4 9. Be4 N4d5 10. Nf3 Qd7 11. Ng5 g6 (11... Bf5 $5) 12. Nxe6 Qxe6
13. O-O f5 14. Bf3 Nxe3 15. fxe3 Bh6 16. Qe2 c6 17. b3 $14 {Gurevich,M-Huebner,
R/Munchen/1993/1:0 (71) Inf 57/381/}) 6... Nc6 7. Ne2 Bf5 8. O-O e6 9. Nbc3 Be7
10. a3 O-O 11. Be3 (11. Ba2 Qd7 (11... h6 $5) 12. Be3 Rfd8 13. Qc1 Bf8 14. Rd1
Ne7 15. Ng3 Bg6 16. Nce4 Nbd5 17. Nc5 Qc8 18. Bb1 Nf5 19. Bg5 Re8 20. Qc4 Nxg3
21. hxg3 Bxc5 $10 {Ruban,V-Yakovich,Y/S-Peterburg (zt)/1993/ Inf 57/381/})
11... Na5 (11... Qd7 12. Ng3 Bg6 13. f4 $36) 12. Bc2 (12. Ba2 Nac4 $13) 12...
Bxc2 13. Qxc2 Nac4 14. Bf4 $5 $146 (14. Rad1 Nxe3 15. fxe3 c6 16. Rf3 Nd5 17.
Ne4 Bg5 18. Qd3 Qe7 19. Nf4 Bxf4 20. exf4 $14 {Karpov,A-Short,N/Linares (m/9)/
1992/0,5 (63) Inf 54/373/}) 14... Nd5 (14... c5 15. dxc5 Bxc5 16. Ne4 Be7 17.
Rfd1 $16) 15. Nxd5 Qxd5 (15... exd5 16. Ng3 g6 17. Bh6 Re8 18. Rae1 $36) 16.
Rac1 b5 17. Rfd1 $16 Qd7 18. Rd3 Rfc8 19. Nc3 Nb6 20. Bd2 (20. Ne4 $5) 20... f5
(20... Nd5 21. Ne4 $16) 21. exf6 Bxf6 22. Ne4 Nd5 (22... Bxd4 23. Ng5 g6 24.
Rh3 $40) 23. Rh3 g6 24. Nc5 (24. Qd3 $14) 24... Qd6 $6 (24... Qe7 $5) 25. Qd3
Rf8 26. Re1 Rae8 (26... e5 27. Ne4) 27. Rf3 c6 28. Bh6 Rf7 29. g3 a5 30. h4 Bg7
31. Rxf7 Kxf7 32. Ne4 Qd7 33. Ng5+ Kg8 34. Bxg7 Kxg7 35. Re5 $18 h6 36. Ne4 Qe7
37. Qe2 (37. Qc2 $5) 37... a4 38. Nc5 Nc7 39. Qe4 Qd6 40. h5 gxh5 41. Rxh5 Rf8
42. Qg4+ Kh7 43. Ne4 (43. Ne4 Qe7 44. Ng5+ $18) 1-0

[Event "St Petersburg zt"]
[Site "St Petersburg"]
[Date "1993.??.??"]
[Round "2"]
[White "Goldin, Alexander"]
[Black "Kharlov, Andrei"]
[Result "0-1"]
[WhiteElo "2545"]
[BlackElo "2580"]
[Annotator "Chekhov,V"]
[PlyCount "70"]
[EventDate "1993.01.??"]
[EventType "swiss"]
[EventRounds "9"]
[EventCountry "RUS"]
[SourceTitle "CBM 034"]
[Source "ChessBase"]
[SourceDate "1993.06.01"]
[SourceVersion "1"]
[SourceVersionDate "1993.06.01"]
[SourceQuality "1"]

1. d4 d5 2. c4 dxc4 3. e4 Nf6 (3... e5 4. Nf3 exd4 5. Bxc4 Bb4+ 6. Nbd2 Nc6 7.
O-O Qf6 8. e5 (8. Nb3 Bg4 9. Nbxd4 Nxd4 10. Qxd4 Bxf3 11. Qxf6 Nxf6 12. gxf3
$14 {Beliavsky,A-Chekhov,V/SSSR/1984/}) 8... Qg6 9. Nh4 Qg4 10. Ndf3 Be6 11. h3
Qe4 12. Bd3 $44) (3... Nc6 4. Be3 (4. Nf3 Bg4 5. d5 Ne5 6. Qd4 $1 $146 Nxf3+ 7.
gxf3 Bxf3 8. Bxc4 a6 9. Rg1 e5 {Manninen-Ye Rongguang/Manila ol/1992/} 10.
Qxe5+ Qe7 $13) 4... Nf6 5. Nc3 e5 6. d5 Ne7 7. Bxc4 Ng6 8. Nf3 Bd6 9. Bb5+ {
Khalifman,A-Mascarinas/Manila ol/1992/} Bd7 10. Qb3 $132) 4. e5 Nd5 5. Bxc4 Nb6
(5... Nc6 6. Ne2) 6. Bb3 (6. Bd3 Nc6 7. Be3 Nb4 8. Be4 f5 9. exf6 exf6 10. Nc3
f5 11. Bf3 N4d5 12. Bd2 Be6 13. Nge2 Qd7 14. O-O O-O-O $132 {Karpov,An-Short,N/
Linares (m-3)/1992/}) 6... Nc6 (6... c5 7. dxc5 Qxd1+ 8. Kxd1 (8. Bxd1 $5) 8...
N6d7 9. e6 fxe6 10. Be3 $14 {Karpov,An-Short,N/Linares (m-5)/1992/}) 7. Ne2 Bf5
8. Nbc3 e6 9. a3 (9. O-O Be7 (9... Qd7 10. Be3 Rd8 11. a3 $14) 10. Be3 O-O (
10... Nb4 $5) 11. Ng3 Bg6 12. f4 (12. Nge4 Na5 13. Bc2 Nac4 14. Bc1 Nd5 15. Qe2
Ncb6 16. Rd1 Qd7 17. Bd2 Rac8 18. Rac1 Rfd8 $132 {Sherbakov-Chekhov,V/Podolsk/
1992/}) 12... Na5 (12... Nb4 13. d5 $1) 13. d5 Nbc4 14. Bc1 Bc5+ 15. Kh1 Qh4 $4
16. Bxc4 Nxc4 17. f5 $18 {Gleizerov-Raetsky/Podolsk/1992/}) 9... Be7 10. O-O
Qd7 11. Ba2 O-O 12. Be3 Rfd8 13. h3 h6 (13... Na5 14. Ng3 Bg6 15. Qe2 $14 {
Epishin,V}) 14. g4 $5 $146 (14. Qc1 Bf8 {Epishin,V-Kharlov/Moscow/1992/} 15. g4
Bh7 16. f4 Na5 17. f5 $3 $16 {Epishin,V}) 14... Bh7 15. f4 Bh4 (15... Na5 16.
b3 Bxa3 17. Bb1 Bb4 18. f5 Rac8 19. Qc1 $14) 16. f5 $5 exf5 17. e6 fxe6 18.
gxf5 Nd5 $1 19. fxe6 Qxe6 20. Nxd5 Rxd5 21. Bxd5 Qxd5 $44 22. Nc3 $6 (22. Qd2)
22... Qe6 23. Bf4 Ne7 (23... Qxh3 24. Bxc7 Bg3 $36) 24. Qg4 Qxg4+ 25. hxg4 c6
26. Rad1 Rd8 27. b4 (27. Kg2 $5) 27... a6 28. Rd2 $6 (28. Kg2) 28... Bg6 29.
Kg2 Bf7 30. Kh3 Ng6 31. Be3 Be6 $17 32. Ne4 h5 33. Bg5 $6 (33. Nf2 $5) 33...
Bxg4+ 34. Kg2 Re8 $19 35. Nd6 Bxg5 0-1